[Event "Leutersdorf Muench Braeu op 14th"]
[Site "Leutersdorf"]
[Date "2009.02.11"]
[Round "7"]
[White "Schneider, Christian"]
[Black "Eichner, Sebastian"]
[Result "0-1"]
[WhiteElo "2101"]
[BlackElo "2326"]
[PlyCount "104"]
[EventDate "2009.02.07"]
[EventType "swiss"]
[EventRounds "9"]
[EventCountry "GER"]
[SourceTitle "CBM 128 Extra"]
[Source "ChessBase"]
[SourceDate "2009.03.05"]
[SourceVersion "2"]
[SourceVersionDate "2009.03.25"]
[SourceQuality "1"]

1. e4 e5 2. Nc3 Nf6 3. f4 d5 4. fxe5 Nxe4 5. Nf3 Nc6 6. d3 Nxc3 7. bxc3 d4 8. Bb2 Bg4 9. Be2 Bc5 10. cxd4 Bxf3 11. Bxf3 Bxd4 12. Bxc6+ bxc6 13. c3 Bxe5 14. 0-0 0-0 15. d4 Rb8 16. Ba3 Bd6 17. Qa4 Rb5 18. Bxd6 Qxd6 19. Rab1 Rh5 20. h3 Rg5 21. Qc4 h5 22. Rb2 Qg6 23. Kh1 Re8 24. Rbf2 Re7 25. Qb4 Qd6 26. Qb8+ Kh7 27. Qf8 f6 28. Qb8 Re3 29. Qb1+ Kh6 30. Rf3 Re2 31. R3f2 Qe6 32. Qc1 Kh7 33. Qb1+ Kh6 34. Qc1 Re3 35. h4 Rgg3 36. Rf3 Kh7 37. Qb1+ Kh6 38. Qc1 Kh7 39. Qb1+ Kh6 40. Qc1 Kg6 41. Qb1+ Kf7 42. Qh7 Rgxf3 43. Qxh5+ Ke7 44. Rxf3 Re1+ 45. Kh2 Qd6+ 46. Kh3 Qe6+ 47. Kh2 Qxa2 48. Qc5+ Kd7 49. Rg3 Re7 50. c4 Qf2 51. Qa3 Qf4 52. Kh3 g5 0-1

[Event "Leutersdorf Muench Braeu op 14th"]
[Site "Leutersdorf"]
[Date "2009.02.07"]
[Round "2"]
[White "Heintel, Fred"]
[Black "Schneider, Christian"]
[Result "0-1"]
[WhiteElo "1992"]
[BlackElo "2101"]
[PlyCount "98"]
[EventDate "2009.02.07"]
[EventType "swiss"]
[EventRounds "9"]
[EventCountry "GER"]
[SourceTitle "CBM 128 Extra"]
[Source "ChessBase"]
[SourceDate "2009.03.05"]
[SourceVersion "2"]
[SourceVersionDate "2009.03.25"]
[SourceQuality "1"]

1. c4 e6 2. Nc3 d5 3. d4 Nf6 4. a3 Be7 5. Nf3 0-0 6. Bf4 c6 7. e3 Nbd7 8. h3 Re8 9. g4 a6 10. cxd5 exd5 11. Bd3 Nf8 12. 0-0 Be6 13. Ne5 N6d7 14. Bg3 Nxe5 15. dxe5 f6 16. exf6 Bxf6 17. Ne2 Bf7 18. Qb3 Qd7 19. Qc2 Bg6 20. Nf4 Bxd3 21. Nxd3 Ng6 22. Rae1 Ne5 23. Nxe5 Bxe5 24. f4 Bc7 25. e4 dxe4 26. Rxe4 Rxe4 27. Qxe4 Re8 28. Qc4+ Kh8 29. Kg2 b5 30. Qc3 Qd5+ 31. Qf3 Re2+ 32. Rf2 Rxf2+ 33. Bxf2 Bxf4 34. Qxd5 cxd5 35. Bd4 Kg8 36. Kf3 Bd6 37. h4 Kf7 38. h5 g6 39. hxg6+ hxg6 40. b3 Bxa3 41. Bb6 Ke6 42. Ke3 Bb4 43. Kd4 a5 44. Kd3 a4 45. bxa4 bxa4 46. Bd4 Kd6 47. Bg7 Bc5 48. Kc3 a3 49. Kb3 d4 0-1

[Event "GER-chT U20"]
[Site "Arendsee"]
[Date "2008.12.29"]
[Round "5.2"]
[White "Geshnizjani, Ramin Tobias"]
[Black "Schneider, Christian"]
[Result "1/2-1/2"]
[WhiteElo "2041"]
[BlackElo "2088"]
[PlyCount "55"]
[EventDate "2008.12.27"]
[EventType "team-swiss"]
[EventRounds "7"]
[EventCountry "GER"]
[SourceTitle "CBM 128 Extra"]
[Source "ChessBase"]
[SourceDate "2009.03.05"]
[SourceVersion "2"]
[SourceVersionDate "2009.03.25"]
[SourceQuality "1"]
[WhiteTeam "Heilbronn"]
[BlackTeam "Stadtilm Blau Weiss"]
[WhiteTeamCountry "GER"]
[BlackTeamCountry "GER"]

1. e4 c6 2. d4 d5 3. Nd2 dxe4 4. Nxe4 Nd7 5. Nf3 Ngf6 6. Nxf6+ Nxf6 7. Ne5 e6 8. Be2 Be7 9. 0-0 0-0 10. Bf3 Nd7 11. Bf4 Nxe5 12. Bxe5 Qb6 13. Re1 Rd8 14. Re3 f6 15. Be4 fxe5 16. Qh5 h6 17. dxe5 Qxb2 18. Rae1 Bg5 19. Rf3 Rf8 20. Qg6 Rxf3 21. Qh7+ Kf8 22. Bxf3 g6 23. Qh8+ Kf7 24. Be4 Qb4 25. Rd1 Qxe4 26. Qh7+ Kf8 27. Qh8+ Kf7 28. Qh7+ 1/2-1/2

[Event "GER-ch U25 op"]
[Site "Willingen"]
[Date "2008.05.15"]
[Round "7"]
[White "Guennigmann, Manuel"]
[Black "Schneider, Christian"]
[Result "1-0"]
[WhiteElo "2043"]
[BlackElo "2097"]
[PlyCount "83"]
[EventDate "2008.05.11"]
[EventType "swiss"]
[EventRounds "9"]
[EventCountry "GER"]
[SourceTitle "CBM 124 Extra"]
[Source "ChessBase"]
[SourceDate "2008.07.03"]
[SourceVersion "1"]
[SourceVersionDate "2008.07.03"]
[SourceQuality "1"]

1. e4 c6 2. d4 d5 3. Nc3 dxe4 4. Nxe4 Nd7 5. Bc4 e6 6. Nf3 Ngf6 7. Nc3 Be7 8. 0-0 0-0 9. Qe2 Nd5 10. Bd2 a6 11. Ne5 Nxe5 12. dxe5 b5 13. Bd3 Nb4 14. Be4 Qc7 15. Rfe1 Bb7 16. Qh5 g6 17. Qh6 Rfd8 18. Bg5 Bxg5 19. Qxg5 Rd7 20. Re3 Qd8 21. Qg4 Nd5 22. Nxd5 cxd5 23. Bd3 Qe7 24. Rh3 Rc7 25. a4 b4 26. a5 Bc6 27. Rh4 Rb7 28. Qh3 f5 29. exf6 Qxf6 30. Re1 e5 31. f3 b3 32. c3 Rf7 33. Rb4 e4 34. Be2 Rb7 35. Rxb7 Bxb7 36. fxe4 dxe4 37. Bc4+ Kh8 38. Bxb3 Rd8 39. Rf1 Qc6 40. Qe3 Qc7 41. Rf7 Rd7 42. Qd4+ 1-0